000 00393nam a2200145Ia 4500
008 151213s9999 xx 000 0 und d
100 _aMohshinuddin Ahmed
245 _aPicking Pebbles
_cMohshinuddin Ahmed
260 _aDhaka
_bShobdakokli Printers
_c1992
300 _a8869 p.
650 _aEnglish Literature
650 _aEnglish Literature
700 _aMohshinuddin Ahmed
999 _c4654
_d4654